000 00700nas a2200253 4500
001 BR8502911
003 BR-BrBNA
005 20231205090221.0
007 ta
008 230509b bl.|||p| |||| 00| 00por d
040 _aBR-BrBNA
_bpor
_cBiblioteca Nacional de Agricultura
041 _a(Pt)
072 _aF01; F60; S01
100 1 _aMorais, P. de
100 1 _aTucci, M.L.S.
245 1 _aFaca uma horta em sua casa
650 _aHORTICULTURA
650 _aVALOR NUTRITIVO
650 _aVITAMINA
650 _aNUTRICAO HUMANA
773 0 _tLavoura (Brazil)
_xISSN 0023-9135
_g(Jul-Aug 1984), v. 86 p. 16-33
_wBR8502911
909 _a202311
_bLúcia
_c55
_dLúcia Elande
942 _2AGRIS
_n0
_cANA
999 _c116877
_d116877